000
00303nam a2200121Ia 4500
008
240624s9999 xx 000 0 und d
041
_a
eng
082
_a
060 JEN
100
_a
JENA R K
245
_a
IT AND BUSINESS INTELLIGENCE
260
_c
2009
_a
New Delhi
_b
Excel Books
300
_a
293 : p. : cm. ; 24
999
_c
13314
_d
13314